000 00645nam a2200181Ia 4500
003 GCL
008 140319s9999 xx 000 0 ara d
040 _aGCL /
_cGCL
082 0 4 _a250
_bش م
100 1 _aشوقى عبده الساهى
245 1 0 _aالمدخل لدراسةالفقه الاسلامى: نشاته, مراحل تطوره, اعلامه, مدارسه, مذاهبه /
_cشوقى عبده الساهى
260 _a[S.N] :
_bمكتبة النهضة المصرية ،
_c1989
300 _a375 ص
490 _a
650 0 4 _aالفقه الاسلامى
650 0 4 _aمذاهب الفقه الاسلامى
942 _2ddc
_cBK
999 _c54871
_d54871